| 000 | 01012nam0a2200301 4500 | ||
|---|---|---|---|
| 001 | RU\NLR\bibl\1024414 | ||
| 005 | 20260405154457.0 | ||
| 010 |
_a5-04-010194-5 _95000 |
||
| 035 | _a(NLR Aleph) 001011925 | ||
| 090 |
_a644000 _c644000 |
||
| 100 | _a20061219d2005 |||y0rusy50 ca | ||
| 101 | 0 | _arus | |
| 102 | _aRU | ||
| 105 | _aa ||||||||| | ||
| 200 | 1 |
_aЛюбовная лирика русских поэтов _e[Сб. _fСост. Б. Евсеев] |
|
| 210 |
_aМосква _cЭКСМО _d2005 |
||
| 215 |
_a380, [1] с. _cил. _d15 |
||
| 606 | 0 |
_aЛюбовь _xв художественной литературе _91555458 _3RU\NLR\AUTH\66679756 |
|
| 675 |
_a821.161.1-1 _v3 _zrus |
||
| 686 | _aШ6(2=Р)5-5 | ||
| 702 | 1 |
_4220 _8rus _7ca _aЕвсеев _bБ. Т. _f1951- _gБорис Тимофеевич _3RU\NLR\auth\7765406 _948335 |
|
| 801 | 0 |
_aRU _bNLR _c20061219 _gRCR |
|
| 801 | 1 |
_aRU _bNLR _c20061219 |
|
| 942 | _cBOOK | ||
| 980 | _aNB | ||